Detalles MARC
| 000 -LIDER |
| fixed length control field |
01603nam a2200337 a 4500 |
| 001 - NÚMERO DE CONTROL |
| Identificador de número de control |
000047470 |
| 003 - IDENTIFICACDOR DE NÚMERO DE CONTROL |
| control field |
DO-SdBNP |
| 005 - DATE AND TIME OF LATEST TRANSACTION |
| control field |
20210915120159.0 |
| 008 - ELEMENTOS DE LONGITUD FIJA |
| fixed length control field |
180606s2017 dr a 000 spa d |
| 020 ## - ISBN |
| International Standard Book Number |
9789945894677 |
| 040 ## - FUENTE DE CATALOGACIÓN |
| Agencia que crea de manera original el registro |
DO-SdBNP |
| Idioma de catalogación |
spa |
| Agencia que realiza la transcripción |
BPMSU |
| 082 ## - NÚMERO DE CLASIFICACIÓN DECIMAL DE DEWEY |
| Classification number |
410 |
| Item number |
C934c 2017 |
| Edition number |
22 |
| 245 #0 - MENCIÓN DE TITULO |
| Título |
Crítica, ciencia y lenguaje / |
| Mención de responsabilidad |
Fidel Munnigh... [et.al] |
| 260 ## - PUBLICACIÓN, DISTRIBUCIÓN, ETC. (PIE DE IMPRENTA) |
| Lugar de publicación, distribución, etc |
Santo Domingo : |
| Nombre del editor, distribuidor, etc. |
Academia de Ciencia de la República Dominicana, |
| Fecha de publicación, distribución, etc |
2017. |
| 300 ## - DESCRIPCIÓN FÍSICA |
| Extensión |
76 p. : |
| Otros detalles físicos |
il. ; |
| Dimensiones |
24 cm. |
| 505 0# - NOTA DE CONTENIDO |
| Texto normalizado de contenido |
Critica, Ciencia y Lenguaje. Odalis G. Pérez – 7<br/>Ciencia, Critica y Lenguaje. Fidel Munnigh -- 9<br/>Conceptos sobre las artes visuales. Alberto Bass -- 13<br/>Crítica de arte, ciencia y contemporaneidad. Zoila Anitza Gutiérrez -- 19<br/>Quinto estado de la materia o estado de dispersión de la materia. Segundo Reynoso -- 29 --Los falsos valores de la crítica dominicana. Plinio Chahin -- 33<br/>Humanidades artísticas: Teoría, Metodología y Critica Cultural. Odalis G. Pérez -- 39 |
| 590 ## - NOTA LOCAL |
| Texto de la nota local |
Inventariado,2021/VM |
| 650 #4 - ENCABEZAMIENTO DE MATERIA--TEMÁTICO |
| Término temático o nombre geográfico como elemento de entrada |
Filosofía del lenguaje |
| Subdivisión temática general |
Crítica e interpretación. |
| 650 #4 - ENCABEZAMIENTO DE MATERIA--TEMÁTICO |
| Término temático o nombre geográfico como elemento de entrada |
Sociolingüística |
| Subdivisión de forma |
Congresos, conferencias, etc. |
| 650 #4 - ENCABEZAMIENTO DE MATERIA--TEMÁTICO |
| Término temático o nombre geográfico como elemento de entrada |
Crítica de arte |
| Subdivisión de forma |
Ensayos, conferencias, etc.. |
| 650 #4 - ENCABEZAMIENTO DE MATERIA--TEMÁTICO |
| Término temático o nombre geográfico como elemento de entrada |
Crítica cultural |
| Subdivisión de forma |
Ensayos, conferencias, etc.. |
| Subdivisión temática general |
|
| 700 1# - ASIENTO SECUNDARIO -- NOMBRE PERSONAL |
| Nombre personal |
Munnigh, Fidel |
| 700 1# - ASIENTO SECUNDARIO -- NOMBRE PERSONAL |
| Nombre personal |
Bass, Alberto |
| 700 1# - ASIENTO SECUNDARIO -- NOMBRE PERSONAL |
| Nombre personal |
Anitza Gutiérrez, Zoilo |
| 700 1# - ASIENTO SECUNDARIO -- NOMBRE PERSONAL |
| Nombre personal |
Reynoso, Segundo |
| 700 1# - ASIENTO SECUNDARIO -- NOMBRE PERSONAL |
| Nombre personal |
Chahín, Plinio |
| 700 1# - ASIENTO SECUNDARIO -- NOMBRE PERSONAL |
| Nombre personal |
Pérez, Odalís |
| 710 2# - ASIENTO SECUNDARIO -- NOMBRE CORPORATIVO |
| Nombre corporativo o de jurisdicción |
Academia de Ciencia de la República Dominicana, |
| 910 ## - VALIDACIÓN |
| Validación |
VMateo V. |
| 942 ## - ADDED ENTRY ELEMENTS (KOHA) |
| Source of classification or shelving scheme |
Dewey Decimal Classification |
| Koha item type |
Libros |